| 000 | 04114nam a22006735i 4500 | ||
|---|---|---|---|
| 001 | 978-3-319-52228-9 | ||
| 003 | DE-He213 | ||
| 005 | 20210118135152.0 | ||
| 007 | cr nn 008mamaa | ||
| 008 | 170110s2017 gw | s |||| 0|eng d | ||
| 020 |
_a9783319522289 _9978-3-319-52228-9 |
||
| 024 | 7 |
_a10.1007/978-3-319-52228-9 _2doi |
|
| 050 | 4 | _aQA76.9.L63 | |
| 050 | 4 | _aQA76.5913 | |
| 072 | 7 |
_aUM _2bicssc |
|
| 072 | 7 |
_aCOM051000 _2bisacsh |
|
| 072 | 7 |
_aUM _2thema |
|
| 072 | 7 |
_aUYF _2thema |
|
| 082 | 0 | 4 |
_a005.1015113 _223 |
| 245 | 1 | 0 |
_aUnifying Theories of Programming _h[electronic resource] : _b6th International Symposium, UTP 2016, Reykjavik, Iceland, June 4-5, 2016, Revised Selected Papers / _cedited by Jonathan P. Bowen, Huibiao Zhu. |
| 250 | _a1st ed. 2017. | ||
| 264 | 1 |
_aCham : _bSpringer International Publishing : _bImprint: Springer, _c2017. |
|
| 300 |
_aIX, 217 p. 36 illus. _bonline resource. |
||
| 336 |
_atext _btxt _2rdacontent |
||
| 337 |
_acomputer _bc _2rdamedia |
||
| 338 |
_aonline resource _bcr _2rdacarrier |
||
| 347 |
_atext file _bPDF _2rda |
||
| 490 | 1 |
_aTheoretical Computer Science and General Issues ; _v10134 |
|
| 505 | 0 | _aAbstraction refinement -- Choice -- Termination -- Feasibility -- Locality.-Concurrency -- Communication. . | |
| 520 | _aThis book constitutes the refereed proceedings of the 6th International Symposium on Unifying Theories of Programming, UTP 2016, held in Reykjavik, Iceland, in June 2016, in conjunction with the 12th International Conference on Integrated Formal Methods, iFM 2016. The 8 revised full papers presented were carefully reviewed and selected from 10 submissions. They deal with the fundamental problem of combination of formal notations and theories of programming that define in various different ways many common notions, such as abstraction refinement, choice, termination, feasibility, locality, concurrency, and communication. They also show that despite many differences, such theories may be unified in a way that greatly facilitates their study and comparison. . | ||
| 650 | 0 | _aComputer logic. | |
| 650 | 0 | _aProgramming languages (Electronic computers). | |
| 650 | 0 | _aSoftware engineering. | |
| 650 | 0 | _aMathematical logic. | |
| 650 | 0 | _aComputers. | |
| 650 | 1 | 4 |
_aLogics and Meanings of Programs. _0http://scigraph.springernature.com/things/product-market-codes/I1603X |
| 650 | 2 | 4 |
_aProgramming Languages, Compilers, Interpreters. _0http://scigraph.springernature.com/things/product-market-codes/I14037 |
| 650 | 2 | 4 |
_aSoftware Engineering. _0http://scigraph.springernature.com/things/product-market-codes/I14029 |
| 650 | 2 | 4 |
_aMathematical Logic and Formal Languages. _0http://scigraph.springernature.com/things/product-market-codes/I16048 |
| 650 | 2 | 4 |
_aComputation by Abstract Devices. _0http://scigraph.springernature.com/things/product-market-codes/I16013 |
| 700 | 1 |
_aBowen, Jonathan P. _eeditor. _0(orcid)0000-0002-8748-6140 _1https://orcid.org/0000-0002-8748-6140 _4edt _4http://id.loc.gov/vocabulary/relators/edt |
|
| 700 | 1 |
_aZhu, Huibiao. _eeditor. _4edt _4http://id.loc.gov/vocabulary/relators/edt |
|
| 710 | 2 | _aSpringerLink (Online service) | |
| 773 | 0 | _tSpringer eBooks | |
| 776 | 0 | 8 |
_iPrinted edition: _z9783319522272 |
| 776 | 0 | 8 |
_iPrinted edition: _z9783319522296 |
| 830 | 0 |
_aTheoretical Computer Science and General Issues ; _v10134 |
|
| 856 | 4 | 0 | _uhttps://doi.org/10.1007/978-3-319-52228-9 |
| 912 | _aZDB-2-SCS | ||
| 912 | _aZDB-2-LNC | ||
| 999 |
_c449184 _d449184 |
||
| 942 | _cEB | ||
| 506 | _aAvailable to subscribing member institutions only. Доступно лише організаціям членам підписки. | ||
| 506 | _fOnline access from local network of NaUOA. | ||
| 506 | _fOnline access with authorization at https://link.springer.com/ | ||
| 506 | _fОнлайн-доступ з локальної мережі НаУОА. | ||
| 506 | _fОнлайн доступ з авторизацією на https://link.springer.com/ | ||